| 000 | 01852nam a22002777a 4500 | ||
|---|---|---|---|
| 005 | 20130729134115.0 | ||
| 008 | 130729b xxu||||| |||| 00| 0 hin d | ||
| 010 | _aB-494229-253 | ||
| 020 |
_c150.00 _a8172017057 |
||
| 035 | _aB-494229-253 | ||
| 037 | _b स्टार पब्लिकेशंस | ||
| 040 |
_adpl _bHN |
||
| 082 | _aक | ||
| 100 |
_924027 _aक़ुर्रतुलऐन हैदर |
||
| 245 |
_aपतझर की आवाज़ / _cक़ुर्रतुलऐन हैदर; मासदा असद द्वारा उर्दू से हिन्दी में अनुदित |
||
| 246 |
_aPatjhar ki aawaz _bby Qurratulain Hyder |
||
| 250 | _aपु.मु. | ||
| 260 |
_aनई दिल्ली _bसाहित्य अकादेमी _c2012 |
||
| 270 |
_aरवीन्द्र भवन, 35, फीरोजशाह मार्ग, _bनई दिल्ली _e110001 |
||
| 300 |
_a244पृ. _c22सेमी(सजिल्द) |
||
| 500 | _aसाहित्य अकादेमी द्वारा पुरस्कृत उर्दू कहानियाँ | ||
| 700 |
_924028 _aमासदा असद |
||
| 942 |
_cHN _2ddc _hक _mक़ुर्रतु |
||
| 999 |
_c78149 _d78149 |
||